000 00402 a2200169 4500
001 69514
020 _a978853221450
040 _cAnchieta - Itaigara
100 _aMachado, Ana Maria
240 1 0 _aPalavras, palavrinhas e palavrões
_lpor
245 1 0 _aPalavras, palavrinhas e palavrões
300 _a46
362 0 _a2009
440 1 _aFTD
650 4 _aLiteratura infanto-juvenil
942 _cBK
999 _c69514
_d69514